000 01425nam a2200409 i 4500
999 _c51038
_d51038
001 51038
003 ES-MaCES
005 20220408040014.0
008 181114s2018 sp 000 | spa d
017 _aV 3572-2018
_bDL
020 _a9788491901693
040 _aES-MaCES
_bspa
_cES-MaCES
100 1 _915129
_aIgartua Miró, María Teresa
245 1 0 _aOrdenación flexible del tiempo de trabajo
_b: jornada y horario
_cMaría Teresa Igartua Miró
260 _aValencia
_bTirant lo Blanch
_c2018
300 _a403 p.
_c22 cm
490 1 _aTirant monografías. Alta calidad en investigación jurídica
504 _aBibliografía: p. 383-403
541 0 _cCompra
650 7 _aflexibilidad del trabajo
_930174
650 7 _aordenamiento del tiempo de trabajo
_929205
650 7 _ahoras de trabajo
_928335
650 7 _aprogramación anual de las horas de trabajo
_930631
650 7 _ahorario de trabajo variable
_927423
650 7 _anuevas tecnologías
_930788
650 7 _acondiciones de trabajo
_928327
650 7 _aderechos de los trabajadores
_929924
650 7 _aseguridad en el trabajo
_928348
650 7 _anegociación colectiva
_928362
650 7 _aderecho del trabajo
_927165
650 4 _aEspaña
_926964
650 4 _arégimen jurídico
_929894
653 1 0 _aRelaciones laborales-Empleo
830 0 _aTirant monografías
_932480
902 _aLIB Libro
942 _2CES
_cBK
_h2.0.